| 000 | 00438nam a2200169Ia 4500 | ||
|---|---|---|---|
| 008 | 180921t2011 xxu||||| |||| 00| 0 sin d | ||
| 041 | _asin | ||
| 080 |
_a51 _bGAJ |
||
| 100 | _aJajanayaka,J.M.R.PA. | ||
| 245 | _aජ්යාමිතික නිර්මාණ | ||
| 246 | _aJyamithika Nirmana | ||
| 260 |
_bS.n. _aS.I. _c2011 |
||
| 300 | _a49, 21 cm | ||
| 942 | _cBK | ||
| 999 |
_c14016 _d14016 |
||
| 003 | LK-CoDNM | ||
| 040 |
_aLK-CoDNM _dLK-CoDNM _eLK-CoDNM |
||